000 00544nam a2200169 a 4500
001 000037227
005 20200930080225.0
008 120313s1999 nyua 000 0 spa d
020 _a0060193395
040 _aDO-SdBNP
_bspa
_cBNPHU
082 _axxx
_bP558b
100 1 _aPhillips, Bill.
_963641
245 1 0 _aBody for life :
_b12 weesks to mental and physical strength /
_cBill Phillips, Michael D'Orso.
260 _aNew York :
_bHarperCollins Publishers,
_c1999.
300 _axvi, 201 p. :
_bil. ;
_c24 cm.
700 1 _aD'Orso, Michael.
_963642
999 _c36717
_d36717